000 01111 a2200193 4500
001 53362
005 20260407155808.0
008 260407a1955 arg spa d
003 AR-UNSa-BCEJYS
040 _aAR-UNSa-BCEJYS
_bspa
_cAR-UNSa-BCEJYS
080 _a339.9
_xEconomía internacional en general. Relaciones económicas internacionales. Economía mundial
245 1 0 _aCapitalismo norteamericano
264 1 _aBuenos Aires :
_bÁgora
_c1955
300 _a126 p.
_c18 cm.
505 _a1. La inseguridad de la ilusión - 2. Los fundamentos de la fé - 3. El problema del poder - 4. El abandono del modelo - 5. El renacimiento del poder de mercado - 6. La psicosis de la depresión - 7. La economía del desarrollo técnico - 8. La indigna economía de la opulencia - 9. La teoría del poder compensador - 10. El poder compensador y el estado - 11. El caso de la agricultura - 12. El papel de la decisión centralizada - 13. El papel de la decisión centralizada - 14. Decisión centralizada e inflación
942 _cBK
590 _aniveau_biblio:m niveau_hierar:0
100 1 _aGalbraith, John Kenneth
999 _c5217
_d5217